000
00329nam a2200145Ia 4500
008
240624s9999 xx 000 0 und d
041
_a
eng
082
_a
519.5 VER
100
_a
VERZANI JOHN
245
_a
USING R FOR INTRODUCTORY STATISTICS
250
_a
(2nd ed.)
260
_c
2014
300
_a
518 p.
365
_c
BPS
_b
31
999
_c
30903
_d
30903